[Event "11th Chennai Open-GM 2019"]
[Site "Chennai"]
[Date "2019.01.22"]
[Round "7"]
[White "Pranesh M"]
[Black "Rajesh, V A V"]
[Result "1/2-1/2"]
[WhiteElo "2125"]
[BlackElo "2410"]
[Annotator "TA"]
[PlyCount "82"]
[EventDate "2019.01.18"]
[EventType "swiss"]
[EventCountry "IND"]
[SourceTitle "playchess.com"]
[Source "ChessBase"]
[SourceQuality "1"]

{[%evp 26,82,34,44,50,47,89,86,122,41,38,52,43,33,43,46,63,11,14,14,18,10,12,12,38,0,0,0,3,0,0,0,0,0,0,0,0,0,0,0,0,0,0,0,0,0,0,0,0,0,0,0,0,0,0,0,0,0,0]} 1. e4 e5 2. Nf3 Nc6 3. d4 exd4 4. Bc4 Bc5 5. O-O Nf6 6. e5 d5 7. exf6 dxc4 8. fxg7 Rg8 9. Re1+ Be6 10. Bg5 Be7 11. Bxe7 {C56: Two Knights: 4 d4 exd4 5 0-0 Nxe4} Qxe7 (11... Kxe7 12. Re4 d3 13. Na3 Qd5 14. Rxc4 Rxg7 15. Qxd3 Qxd3 16. cxd3 Bxc4 17. Nxc4 Rd8 18. Re1+ Kf8 19. Re3 f6 {0-1 (40) Jones,G (2556)-Bruzon Batista,L (2641) ICC INT 2010}) 12. Nxd4 Rd8 13. c3 Nxd4 14. cxd4 {LiveBook: 4 Games} c6 15. Na3 $146 ({Predecessor:} 15. Nc3 Rxg7 16. Re4 Qf6 17. a4 Kf8 18. Ra3 c5 {½-½ (32) Pomini,A (2163)-Lekic,D (2439) Zuerich 2014}) 15... Qf6 16. Nxc4 Rxd4 {[#]} 17. Qc2 (17. Qb3 $1 $16) 17... Rxg7 $14 18. Ne3 {And now Nf5 would win.} Rg5 19. Rad1 Rxd1 20. Rxd1 h5 21. Qe4 (21. Qa4 $14) 21... Kf8 $11 22. b3 Kg7 23. Qb4 Rb5 24. Qd6 Bg4 (24... Qe5 {looks sharper.} 25. Qd2 a5 26. h3 Qf6 27. Qc1 Rb4) 25. Nxg4 (25. Qg3 {is interesting.} Rg5 26. f4 Bxd1 27. fxg5 Qa1 28. Qe1) 25... Qxd6 {The position is equal.} 26. Rxd6 {[#] Ne3 is the strong threat.} hxg4 $14 {[%mdl 4096] Endgame KR-KR} 27. h3 gxh3 28. gxh3 Rb4 29. Kg2 a5 30. Rd7 a4 31. bxa4 Rxa4 32. Rxb7 Rxa2 33. Kg3 c5 34. f4 c4 35. Rc7 Rc2 36. Kg4 c3 37. Kf5 Rc1 38. h4 c2 39. Rc6 Rh1 40. Rxc2 Rxh4 41. Rg2+ Kf8 {Precision: White = 61%, Black = 70%.} 1/2-1/2

[Event "11th Chennai Open-GM 2019"]
[Site "Chennai"]
[Date "2019.01.23"]
[Round "8"]
[White "Pantsulaia, Levan"]
[Black "Karthik Venkataraman"]
[Result "1-0"]
[WhiteElo "2597"]
[BlackElo "2515"]
[Annotator "TA"]
[PlyCount "165"]
[EventDate "2019.01.18"]
[EventType "swiss"]
[EventCountry "IND"]
[SourceTitle "playchess.com"]
[Source "ChessBase"]
[SourceQuality "1"]

{[%evp 29,165,27,60,-5,0,-40,-34,-189,-145,-143,-121,-122,-60,-54,-57,-96,-78,-116,-118,-106,0,0,0,0,0,0,0,0,0,0,0,0,0,0,0,0,0,0,0,0,0,0,0,-6,0,0,0,0,0,0,0,2,225,220,264,252,133,160,141,25,132,0,23,0,8,8,8,0,0,0,0,0,0,0,0,0,0,0,8,0,0,0,0,0,8,36,8,15,70,67,68,0,1093,780,1054,974,838,0,577,0,435,37,37,8,8,8,8,8,8,8,8,8,8,8,1380,1189,984,127,29967,0,0,0,5065,382,357,353,339,310,29983,29984,29982,29981,29989,29990,29990,29991,29991,29992]} 1. Nf3 c5 2. c4 Nf6 3. Nc3 e6 4. g3 b6 5. Bg2 Bb7 6. O-O a6 7. Re1 Be7 8. e4 d6 9. d4 cxd4 10. Nxd4 Qc7 11. Be3 O-O 12. Rc1 Nbd7 13. f4 Rac8 14. g4 Nc5 {A30: Symmetrical English: Double Fianchetto and Hedgehog} 15. Bf2 g6 {LiveBook: 42 Games} 16. Bf3 (16. f5 $14) (16. b4 Ncd7 17. f5 gxf5 18. gxf5 e5 19. Nde2 Kh8 20. Nd5 Nxd5 21. exd5 Rg8 22. Ng3 {1-0 (50) Jumabayev,R (2613)-Marin,M (2576) Almaty 2016}) 16... e5 $11 {The position is equal.} 17. g5 $146 ({Predecessor:} 17. fxe5 dxe5 18. Nb3 Nxb3 19. Qxb3 Nd7 20. Nd5 Bxd5 21. exd5 Bc5 22. Bxc5 Qxc5+ {½-½ (42) Vorobiev,A (2100)-Muller,H (2120) IECG email 2003}) 17... exd4 18. Qxd4 $2 (18. gxf6 $15 dxc3 19. fxe7 Qxe7 20. Rxc3) 18... Nfd7 19. Nd5 Bxd5 20. exd5 Rfe8 (20... Qd8 $1 $17 21. b4 Bxg5 $1 {[%mdl 512]} 22. bxc5 Bf6) 21. b4 $15 Nb7 22. Bg4 Bf8 23. a3 Bg7 24. Qd3 {White wants to play Qh3.} a5 ({Black should try} 24... Ra8 $17 25. Re2 a5) 25. Qh3 $1 $11 Rxe1+ 26. Rxe1 Rd8 27. Bxd7 axb4 28. axb4 {Strongly threatening Bb5.} (28. Bb5 {looks sharper.} bxa3 29. Qxa3 Nc5 30. Qh3 Rf8 31. f5) 28... Qxd7 29. Qxd7 Rxd7 30. Re8+ Bf8 31. Bxb6 f6 32. gxf6 Kf7 33. Rc8 Bh6 34. Be3 Kxf6 35. Kf2 Ke7 36. Rh8 Bg7 (36... Nd8 {is more complex.} 37. b5 Nf7 38. Ra8 Nd8 39. b6 Bg7) 37. Rxh7 Kf8 $1 38. Ke2 Kg8 39. Rh3 Bc3 40. Bd2 Re7+ $2 (40... Bxd2 $1 $11 {and Black stays safe.} 41. Kxd2 Rf7) 41. Re3 $18 Rxe3+ 42. Kxe3 Bf6 43. Kd3 {[%mdl 1024] White has strong compensation.} Kf7 44. Kc2 (44. Ke4 $16) 44... Ke7 (44... Bd4 $11) 45. Kb3 (45. Bc3 $16) 45... Kd7 46. Ka4 Kc7 47. Kb5 Bd4 48. Be1 Be3 49. Bg3 Kd7 50. h4 Bd4 51. Be1 Be3 52. Bg3 Bd4 53. Be1 Kc7 54. Bg3 Nd8 55. c5 {Hoping for f5!} Nf7 $1 56. Kc4 Bg1 57. f5 gxf5 58. Bf4 Bf2 $1 {[%cal Rf2h4]} 59. h5 {And now h6 would win.} Bh4 $1 60. h6 (60. Kd3 $14) 60... Bf6 $2 {[%mdl 8192]} (60... Bg5 $11 61. Bxg5 Nxg5) 61. h7 Kd7 62. Kb5 Bc3 63. Kc4 Bf6 $1 64. Kb5 Bc3 $1 65. Kb6 $2 (65. c6+ $18 Kc8 66. Kc4) 65... Bd4 $14 66. Bh2 {With the idea Bf4.} dxc5 67. bxc5 {aiming for Bf4.} Be3 68. Kb5 f4 {...f3 is the strong threat.} 69. c6+ Kd6 70. Kc4 Ne5+ 71. Kc3 Ng6 $2 {[%mdl 8192]} (71... Nf7 $11) 72. Kd3 $18 Bc1 73. Ke4 $2 (73. Bg1 $18 {and the rest is easy.} Ba3 74. Bd4) 73... Bd2 $2 {[%mdl 8192] [#]} (73... Bb2 $16 74. Bxf4+ Nxf4) 74. Kf5 $2 (74. Bxf4+ $1 {[%mdl 512] mates} Bxf4 75. Kf5 Be5 76. Kxg6 Bh8 77. Kf7 Be5 78. c7 $1 {[%mdl 512]} Kd7 79. d6 $1 {[%mdl 512]} Bxd6 80. c8=Q+ $1 {[%mdl 512]} Kxc8 81. Ke6) 74... Ne7+ $1 $11 75. Ke4 $2 {[%mdl 8192]} (75. Kg4 $11 Bc3 76. Kxf4 (76. Bxf4+ Kxd5 77. c7 Ke6 $11) 76... Kxd5 77. c7) 75... Ng6 $18 {[#]} 76. Bg1 $2 (76. Bxf4+ $1 {[%mdl 512]} Bxf4 77. Kf5) 76... Bc3 77. Ba7 f3 78. Bb8+ (78. Kxf3 Kxd5 79. c7 Ne7 $16) 78... Kc5 $2 (78... Ke7 $18 79. d6+ (79. Kxf3 Nf8 $11) 79... Ke6) 79. c7 {White mates.} Ne7 80. d6 Nc8 81. d7 f2 82. dxc8=Q f1=Q 83. Qf5+ {Precision: White = 44%, Black = 47%.} 1-0

[Event "11th Chennai Open-GM 2019"]
[Site "Chennai"]
[Date "2019.01.23"]
[Round "8"]
[White "Rozum, Ivan"]
[Black "Nguyen, Van Huy"]
[Result "1/2-1/2"]
[WhiteElo "2589"]
[BlackElo "2450"]
[Annotator "TA"]
[PlyCount "113"]
[EventDate "2019.01.18"]
[EventType "swiss"]
[EventCountry "IND"]
[SourceTitle "playchess.com"]
[Source "ChessBase"]
[SourceQuality "1"]

{[%evp 21,113,39,51,41,47,35,43,33,44,44,49,43,81,74,82,88,91,27,27,31,31,26,25,30,28,13,52,12,14,13,16,15,22,20,25,24,28,28,39,28,39,23,28,28,45,22,22,15,15,20,20,0,0,0,17,6,51,38,56,56,56,56,59,58,58,58,63,51,62,64,70,17,17,11,18,8,8,8,8,8,8,0,18,0,0,0,0,0,0,0,0,0,0,0]} 1. c4 e6 2. Nc3 d5 3. d4 Bb4 4. cxd5 exd5 5. Bf4 Nf6 6. e3 O-O 7. Bd3 c5 8. Nge2 Nc6 9. dxc5 Bxc5 10. O-O {D35: Queen's Gambit Declined: Exchange Variation} Be6 11. Rc1 Bd6 {LiveBook: 6 Games} 12. Bxd6 {White is slightly better.} Qxd6 13. Qa4 $146 ({Predecessor:} 13. Nb5 Qe5 14. Ned4 Rac8 15. Qe2 Bg4 16. Qd2 {½-½ (40) Bocharov,D (2609)-Zvjaginsev,V (2680) Magnitogorsk 2011}) 13... Rfd8 14. Rfd1 Ng4 15. Qf4 Qxf4 16. Nxf4 d4 17. Nxe6 fxe6 18. exd4 Nxd4 {[#]} 19. Nb5 (19. Ne2 $1 $16 {[%cal Re2d4] Threatens to win with Nxd4.} g6 20. Nxd4 Rxd4 21. Be2 Rxd1+ 22. Bxd1) 19... Nxb5 $11 20. Bxb5 Rxd1+ 21. Rxd1 {[%mdl 4096] Endgame KRB-KRN} Nf6 22. Bc4 Kf7 23. Re1 Re8 24. Bb3 Re7 25. Kf1 Nd7 26. Rc1 Nf6 27. Ke2 Ne8 28. Rc8 Nd6 29. Rd8 Ne8 30. Ke3 Nf6 31. h3 Rd7 32. Ra8 b6 33. f4 Ke7 34. g4 {[%cal Bg2g4,Bg4g5][%mdl 32]} g6 35. Rc8 Kd6 $1 36. Kd4 {Hoping for Ba4.} Ke7+ 37. Ke3 Kd6 $1 38. Rc1 Ke7 39. g5 Ne8 40. Rc6 Nd6 41. Kf3 Rd8 42. h4 Rc8 43. Rxc8 Nxc8 $14 {KB-KN} 44. h5 Kd6 45. hxg6 hxg6 46. Ba4 (46. Ke4 $14) 46... e5 $11 {The position is equal.} 47. Be8 Ne7 48. Ke4 exf4 49. Kxf4 {White wants to play Bf7.} Kd5 $1 50. Bf7+ Kd4 51. a4 a5 52. b3 Nd5+ $1 53. Kf3 Ne7 54. Kf4 Nd5+ $1 55. Kf3 Ne7 56. Be8 Kd3 57. Bf7 {Accuracy: White = 50%, Black = 75%.} 1/2-1/2

[Event "11th Chennai Open-GM 2019"]
[Site "Chennai"]
[Date "2019.01.23"]
[Round "8"]
[White "Paichadze, Luka"]
[Black "Predke, Alexandr"]
[Result "1/2-1/2"]
[WhiteElo "2583"]
[BlackElo "2620"]
[Annotator "TA"]
[PlyCount "61"]
[EventDate "2019.01.18"]
[EventType "swiss"]
[EventCountry "IND"]
[SourceTitle "playchess.com"]
[Source "ChessBase"]
[SourceQuality "1"]

{[%evp 18,61,-30,-17,-8,-8,0,0,0,0,0,0,0,0,-4,-13,-10,-23,0,0,0,-19,0,0,0,0,0,0,0,0,0,0,0,0,0,0,0,0,0,0,0,0,0,0,0,0]} 1. e4 e5 2. Nf3 Nc6 3. Bb5 a6 4. Bxc6 dxc6 5. O-O Bg4 6. h3 h5 7. d3 Qf6 8. Be3 Bxf3 9. Qxf3 Qxf3 10. gxf3 {LiveBook: 214 Games} f5 {C68: Ruy Lopez: Exchange Variation, sidelines} (10... Bd6 11. Nd2 Ne7 12. Rfb1 Ng6 13. Kf1 c5 14. Nc4 Be7 15. a3 a5 16. b4 axb4 17. axb4 Rxa1 18. Rxa1 cxb4 19. Ra8+ Bd8 20. Na5 b6 {½-½ (40) Solak,D (2641)-Ding,L (2783) Khanty-Mansiysk 2017}) 11. f4 fxe4 12. dxe4 exf4 13. Bxf4 O-O-O 14. Nc3 {[#]} Be7 $146 ({Predecessor:} 14... Nh6 15. Rad1 Re8 16. Kh1 Nf7 17. Rg1 Rg8 18. Rg6 {0-1 (41) Rosner,J (2366)-Heimann,A (2589) Baden 2017}) 15. Rad1 Re8 16. Be3 g5 17. f3 Bf6 18. Rd2 {The position is equal.} Nh6 19. Bd4 Rhf8 20. Bxf6 Rxf6 21. Rg2 Nf7 22. Ne2 h4 23. Nd4 Rf4 24. Ne2 Rf6 25. Nd4 Rf4 26. Ne2 Rf6 27. Nd4 Rf4 28. Ne2 Rf6 29. Nd4 Rf4 30. Ne2 Rf6 31. Nd4 {Accuracy: White = 77%, Black = 82%.} 1/2-1/2

[Event "11th Chennai Open-GM 2019"]
[Site "Chennai"]
[Date "2019.01.23"]
[Round "8"]
[White "Erigaisi Arjun"]
[Black "Girish, A. Koushik"]
[Result "0-1"]
[WhiteElo "2548"]
[BlackElo "2411"]
[Annotator "TA"]
[PlyCount "98"]
[EventDate "2019.01.18"]
[EventType "swiss"]
[EventCountry "IND"]
[SourceTitle "playchess.com"]
[Source "ChessBase"]
[SourceQuality "1"]

{[%evp 18,98,7,0,34,43,54,72,43,55,55,41,58,43,43,36,45,36,43,45,46,45,46,28,45,29,30,0,34,24,24,-8,-8,-8,-8,-8,-8,-8,-8,-2,-8,-8,-8,-408,-392,-383,-373,-439,-432,-434,-427,-365,-358,-400,-39,-1085,-1008,-3816,-3700,-29967,-29967,-29967,-29968,-29966,-29965,-29976,-29977,-29977,-29978,-29978,-29977,-29979,-29980,-29980,-29981,-29981,-29982,-29982,-29983,-29983,-29984,-29984,-29985]} 1. c4 e6 2. Nf3 Nf6 3. g3 d5 4. d4 Be7 5. Bg2 O-O 6. O-O dxc4 7. Ne5 Nc6 8. Nxc6 bxc6 9. Na3 Bxa3 10. bxa3 Rb8 {E05: Open Catalan: 5 Nf3 Be7} (10... Ba6 11. Qd2 Rb8 12. Qa5 Qc8 13. a4 Rd8 14. Rd1 c3 15. Qxc3 Bxe2 16. Re1 Qa6 17. Bg5 Qc4 18. Rac1 Qxc3 19. Rxc3 Rb2 20. Rxc6 h6 21. Bxf6 gxf6 22. Rxc7 a6 23. d5 exd5 24. Bf1 Bxf1 {½-½ (24) Van Wely,L (2667)-Kryvoruchko,Y (2705) Brest 2018}) 11. Qa4 Rb6 12. Qxc4 Ba6 {White is better.} 13. Qc2 Qxd4 14. Be3 Rb2 15. Qxc6 ({Don't play} 15. Bxd4 Rxc2 16. Rfc1 Rxc1+ 17. Rxc1 Bxe2 $11) 15... Qc4 16. Rfc1 Qxc6 17. Bxc6 Bxe2 18. Bxa7 Nd5 $146 19. a4 Rd8 20. a5 Ne7 21. Bg2 Nd5 22. Rcb1 Rxb1+ 23. Rxb1 Kf8 24. Bf1 Bxf1 $1 25. Kxf1 $11 {[%mdl 4096] Endgame KRB-KRN} Ke7 26. Rb8 Rxb8 27. Bxb8 {KB-KN} Kd7 28. a6 Kc8 29. a7 Kb7 30. Ke2 $2 {[%mdl 8192]} (30. h4 $11) 30... Nc3+ $1 $19 31. Kd3 Nb5 $1 32. Kc4 Nxa7 33. Bxa7 Kxa7 {KP-KP} 34. Kb5 Kb7 35. a4 {[#]} e5 $2 (35... f6 $1 $19 36. Kc5 h5) 36. a5 $2 {[%mdl 8192]} (36. Kc5 $15) 36... e4 37. g4 {[#]} h5 $1 {[%cal Bh7h5,Bh5h4][%mdl 544]} 38. h3 (38. gxh5 f5) 38... h4 {Black mates.} 39. a6+ Ka7 40. Kc6 Kxa6 41. Kxc7 Kb5 42. Kd6 {[#]} Kc4 $1 {[%cal Rc4d3]} 43. Ke7 Kd3 44. Kxf7 Ke2 45. Kxg7 Kxf2 46. g5 e3 47. g6 e2 48. Kf7 e1=Q 49. g7 Qg1 {Accuracy: White = 39%, Black = 76%.} 0-1

[Event "11th Chennai Open-GM 2019"]
[Site "Chennai"]
[Date "2019.01.23"]
[Round "8"]
[White "Stupak, Kirill"]
[Black "Lugovskoy, Maxim"]
[Result "0-1"]
[WhiteElo "2542"]
[BlackElo "2445"]
[Annotator "TA"]
[PlyCount "96"]
[EventDate "2019.01.18"]
[EventType "swiss"]
[EventCountry "IND"]
[SourceTitle "playchess.com"]
[Source "ChessBase"]
[SourceQuality "1"]

{[%evp 20,96,28,11,12,4,-2,0,14,5,17,4,8,0,0,-5,-12,-5,-13,-2,21,17,11,12,8,0,25,0,0,0,14,14,16,16,9,3,14,0,25,25,25,25,25,25,25,25,25,25,52,53,83,79,89,0,0,0,0,0,0,0,0,-44,-39,-32,-16,-16,0,-149,-170,-182,-186,-208,-56,-197,-193,-789,-228,-1194,-531]} 1. d4 d5 2. c4 e6 3. Nc3 Nf6 4. Bg5 Nbd7 5. cxd5 exd5 6. e3 c6 7. Bd3 Be7 8. Qc2 Nh5 9. Bxe7 Qxe7 10. Nge2 g6 11. g4 Ng7 {D36: Queen's Gambit Declined: Exchange Variation: Main line (5 Bg5 c6 6 Qc2)} 12. O-O-O (12. Rg1 Nb6 13. O-O-O Be6 14. f4 f5 15. g5 O-O-O 16. Kb1 Bf7 17. Rg3 h6 18. gxh6 Rxh6 19. Ng1 {1-0 (30) Morozevich,A (2665)-Vokarev,S (2443) Sochi 2017}) 12... Nb6 13. h3 Be6 {The position is equal.} 14. Nf4 O-O-O 15. Be2 h5 $146 ({Predecessor:} 15... Kb8 16. Nd3 Bc8 17. h4 Nc4 18. Nf4 Nd6 19. h5 gxh5 20. Nxh5 {0-1 (32) Smit,A-Bezgodov,A (2365) Kemerovo 1991}) 16. gxh5 (16. b3 {keeps more tension.} Kb8 17. Kb2 Nd7 18. Nd3 Nf6 19. f3) 16... Nxh5 17. Nxh5 gxh5 18. Bd3 Qf6 19. Rdf1 Qf3 20. Ne2 Qf6 21. Nf4 h4 22. Rfg1 Kb8 23. Kb1 Nc8 {[%cal Bb6c8,Bc8d6,Bd6f5][%mdl 32]} 24. Rg2 Rhg8 25. Rhg1 Rxg2 26. Rxg2 Nd6 27. a3 Bc8 28. Qd1 Nf5 {Black wants to play ...Nxd4!} 29. Nh5 $36 {[%mdl 2048] White fights for an advantage.} Qe7 30. Qf3 Nd6 31. Nf4 Qf6 32. Qh5 Rh8 33. Qe5 Qxe5 34. dxe5 Nc4 35. Bxc4 $1 dxc4 $16 {[%mdl 4096] Endgame KRB-KRN} 36. f3 (36. Kc2 $16) 36... a5 37. Kc2 Re8 38. Rg5 b5 39. Kc3 Kc7 40. a4 Kb6 41. Rh5 $1 Rd8 42. Rxh4 Kc5 43. Rh5 (43. e6 $11 {keeps the balance.} b4+ 44. Kc2 fxe6 45. Rh5+ Kb6 46. h4) 43... Be6 $1 $17 {[%mdl 1024] Black has strong compensation.} 44. Kc2 {[#]} Rg8 $1 45. Rh6 {[#]} Rg3 $2 (45... b4 $1 $19 {...b3+ is the strong threat.} 46. Nxe6+ fxe6) 46. Rf6 ({White should try} 46. axb5 $15 cxb5 47. Rf6) 46... b4 $19 47. h4 $2 (47. Nxe6+ fxe6 48. b3) 47... Rg1 $2 (47... b3+ 48. Kd2 Rg1 49. Nxe6+ fxe6) 48. Ne2 $2 (48. Nxe6+ fxe6 49. b3 (49. Rxe6 $2 b3+ 50. Kd2 Rb1 $19)) 48... Rg2 {Accuracy: White = 39%, Black = 52%.} (48... b3+ $142 49. Kd2 Rb1) 0-1

[Event "11th Chennai Open-GM 2019"]
[Site "Chennai"]
[Date "2019.01.23"]
[Round "8"]
[White "Tran, Tuan Minh"]
[Black "Babiy, Olga"]
[Result "1/2-1/2"]
[WhiteElo "2541"]
[BlackElo "2275"]
[Annotator "TA"]
[PlyCount "128"]
[EventDate "2019.01.18"]
[EventType "swiss"]
[EventCountry "IND"]
[SourceTitle "playchess.com"]
[Source "ChessBase"]
[SourceQuality "1"]

{[%evp 24,128,0,0,0,0,0,-2,0,0,0,0,17,7,38,0,17,0,0,0,0,0,0,0,0,0,0,-29,0,-127,-118,-253,-206,-229,-192,-305,0,-175,-182,-165,-188,-171,-174,-170,-170,-320,-186,-187,-203,-302,-317,-334,-250,-263,-243,-229,-219,-233,-240,-234,-235,-212,-183,-242,-242,-235,-243,-396,-392,-472,-459,-443,-432,-631,-620,-623,-453,-431,-354,-354,-354,-346,-312,-271,-17,-229,-181,-153,-8,-8,-8,-8,0,0,0,0,0,0,0,0,0,0,0,0,0,0,0]} 1. d4 d5 2. c4 dxc4 3. Nf3 a6 4. a4 Nf6 5. e3 e6 6. Bxc4 c5 7. O-O Nc6 8. Qe2 Qc7 9. Nc3 Be7 10. Rd1 O-O 11. h3 Rd8 12. d5 exd5 13. Bxd5 Nb4 {[%cal Rb4d5] D27: Queen's Gambit Accepted: Classical main line: 7 e4!? and 7 a4} 14. Bc4 (14. e4 Nfxd5 15. Nxd5 Nxd5 16. exd5 Bf5 17. Be3 b6 18. Rac1 Qb7 19. a5 bxa5 20. Bxc5 Bf6 21. Bd4 Bxd4 22. Nxd4 Rxd5 23. Nxf5 Rxf5 {0-1 (93) Saric,I (2565)-Georgiev,K (2685) Sibenik 2010}) 14... Rxd1+ 15. Qxd1 Bf5 16. Qe2 Bd6 17. b3 Re8 $146 ({Predecessor:} 17... Rd8 18. Bb2 Bd3 19. Bxd3 Nxd3 20. Rd1 Nxb2 21. Qxb2 {½-½ (45) Nikolic,P (2575)-Dlugy,M (2485) Tunis 1985}) 18. Bb2 h6 19. Rd1 Qe7 20. Rd2 Bc7 21. Nh4 Bh7 22. Qf3 Be5 23. Nf5 Qc7 24. g4 Bg6 25. h4 h5 (25... Qc6 $5 {[%cal Rc6f3]} 26. Qd1 Kh7 $15) 26. g5 (26. gxh5 $1 $11 Nxh5 27. Nd5 Nxd5 28. Bxe5 Rxe5 29. Rxd5) 26... Ng4 $17 27. a5 (27. Kg2 $17) 27... Kh7 28. Kg2 Rd8 $1 {[%cal Rd8d2]} 29. Re2 (29. Rxd8 {was called for.} Qxd8 30. Na4) 29... Qxa5 $2 {[#]} (29... Nd3 $19 30. Nd5 Rxd5 31. Bxe5 Rxe5 32. Bxd3 c4 33. bxc4 Rxa5) 30. Ne7 $2 (30. Bxf7 $1 $11 {[%mdl 512]} Bxf7 31. Ne7) 30... Qc7 $36 {[%mdl 2048] White is under strong pressure.} 31. Nxg6 fxg6 32. Qf7 Qxf7 33. Bxf7 Nd3 34. f4 {[#]} (34. Nd1 $142) 34... Nxb2 (34... Bxf4 $142 $1 {[%mdl 512]} 35. Nd5 (35. exf4 Nxf4+) 35... Rxd5 $1 {[%mdl 576] Remove Defender, Decoy} 36. Bxd5 Nxe3+ 37. Rxe3 Bxe3) 35. fxe5 Nxe5 36. Be6 (36. Rxb2 $142 Nxf7 37. Na4) 36... Nbd3 37. Kg3 b6 38. Rd2 Rf8 39. Bd5 b5 40. Be4 c4 41. bxc4 bxc4 42. Ra2 Nc5 43. Bd5 {[#]} (43. Bg2 $142) 43... Ng4 $1 44. e4 Ne5 45. Kg2 $2 (45. Rf2 Rb8 46. Kg2) 45... Rf4 46. Ra5 Ncd3 47. Rxa6 {intending Ra8.} Rxh4 48. Be6 (48. Ra8 $142 Rg4+ 49. Kf1 Rxg5 50. Bg8+ Kh6 51. Bxc4) 48... Nc5 49. Kg3 Nxa6 50. Kxh4 {[%mdl 4096] Endgame KBN-KNN} Nc5 51. Bd5 {Now Kg3 and White clings on.} Nf3+ 52. Kg3 Nxg5 53. Kf4 Nh3+ $2 ({Black should play} 53... Nge6+ $19 54. Ke5 h4 55. Bxc4 h3) 54. Ke5 $2 (54. Kg3 $1 $11 {and White is okay.}) 54... g5 55. Kd6 {[#]} Nxe4+ (55... Nb3 $1 $17 {[%cal Rb3d4]} 56. Bxc4 Nd4) 56. Nxe4 $11 {The position is equal.} Kg6 {White must now prevent ...Kf5.} 57. Ke5 g4 58. Bxc4 Ng5 59. Nd6 h4 60. Kf4 g3 61. Nf5 Nh3+ 62. Kg4 Nf2+ 63. Kf4 Nh3+ 64. Kg4 Nf2+ {Accuracy: White = 51%, Black = 50%.} 1/2-1/2

[Event "11th Chennai Open-GM 2019"]
[Site "Chennai"]
[Date "2019.01.23"]
[Round "8"]
[White "Megaranto, Susanto"]
[Black "Tran, Minh Thang"]
[Result "1-0"]
[WhiteElo "2530"]
[BlackElo "2355"]
[Annotator "TA"]
[PlyCount "117"]
[EventDate "2019.01.18"]
[EventType "swiss"]
[EventCountry "IND"]
[SourceTitle "playchess.com"]
[Source "ChessBase"]
[SourceQuality "1"]

{[%evp 14,117,0,5,23,17,29,24,47,35,30,23,46,43,39,24,46,37,50,40,33,19,32,39,70,39,41,39,47,41,42,23,34,43,55,41,42,15,78,83,75,81,103,85,98,110,112,102,112,98,106,68,138,122,134,114,151,120,147,88,124,134,121,137,214,197,230,191,180,183,258,268,269,264,258,206,309,310,468,308,522,498,591,587,640,597,598,572,720,881,832,851,859,858,848,772,1062,1050,863,802,29985,2806,29993,1249,29993,29994]} 1. d4 d5 2. Nf3 Nf6 3. c4 c6 4. Qc2 dxc4 5. Qxc4 Bf5 6. g3 e6 7. Bg2 Nbd7 8. O-O h6 {D23: Queen's Gambit Accepted: 3 Nf3 Nf6 sidelines} (8... Be7 9. Nc3 O-O 10. Re1 Ne4 11. Qb3 Qb6 12. Nh4 Qxb3 13. axb3 Bb4 14. Nxf5 exf5 15. Bxe4 fxe4 16. Bd2 Rfe8 17. Nxe4 Rxe4 18. Bxb4 Rxd4 19. Bc3 Re4 {½-½ (29) Nguyen,N (2618)-Maghsoodloo,P (2636) Hamedan 2018}) 9. Nc3 Be7 10. e3 {[%cal Be2e3,Be3e4][%mdl 32]} Qc7 {White has an edge.} 11. Re1 O-O 12. e4 Bh7 13. Bf4 Qb6 14. a3 $146 ({Predecessor:} 14. Qe2 Bb4 15. Ne5 Nxe5 16. Bxe5 Nd7 17. Bf4 {0-1 (68) Joergens,M-Vengels,J Ruhrgebiet 1996}) 14... a6 15. Qe2 Rfe8 16. Rac1 Rad8 17. h3 Nf8 18. Red1 N8d7 19. Ne5 Nxe5 $1 20. Bxe5 Rd7 21. b4 Rdd8 22. Rb1 g5 23. g4 Nd7 24. Bg3 Bf6 25. Qc4 Nf8 {[#]} (25... Qa7 $11) 26. Na4 $1 $16 {[%cal Ra4b6]} Qa7 {[%cal Rf6d4]} 27. Nc5 $36 {[%mdl 2048] White is on the roll.} Nd7 28. Rbc1 Bg6 29. Qc3 Bg7 30. Bc7 Rc8 {Strongly threatening ...Nxc5.} 31. Bd6 ({Of course not} 31. Nxd7 $6 Rxc7 32. Nc5 Ra8 $14) 31... Rcd8 32. Qe3 Nf6 ({Black should try} 32... e5 $14) 33. Bc7 Rc8 34. Bg3 Rcd8 35. Rd2 Nd7 36. Bd6 (36. h4 $142) 36... Nf6 37. Bc7 Rc8 38. Bg3 a5 (38... b6 $16 {is a better defense.}) 39. bxa5 $18 Bf8 40. Rb2 Qxa5 41. Rxb7 Ra8 (41... Bxc5 $142 42. Rxc5 Qa8) 42. Be5 Nh7 43. Rc3 {aiming for Bc7.} Rec8 44. Bf3 Ra7 (44... f6 {was necessary.}) 45. Rbb3 Be7 (45... Qd8 $142 46. d5 exd5) 46. Rc4 Rca8 $2 (46... Nf8 47. Ra4 Qxa4 48. Nxa4 Rxa4) 47. Bb8 {[%mdl 64] [#] Trapped Piece} Qd8 48. Bxa7 Rxa7 49. e5 Qc7 50. Rcb4 Nf8 51. Rb7 Rxb7 52. Rxb7 Qd8 53. Bxc6 h5 54. Nd7 hxg4 55. hxg4 Qc8 56. Qf3 Bxa3 57. Rb8 (57. Nf6+ $142 Kh8 58. Qh3+ Kg7 59. Ne8+ Qxe8 60. Bxe8 Bc1 61. Bxf7 Bxf7 62. Qc3) 57... Qa6 58. Ra8 (58. Nf6+ $142 Kh8 59. Qh3+ Kg7 60. Ne8+ Kg8 61. Qh6 Qf1+ {[%mdl 64] Decoy} 62. Kxf1 Bd3+ 63. Kg1 Nh7 64. Qg7#) 58... Qc4 59. Qxa3 {Accuracy: White = 66%, Black = 31%.} 1-0